The Chronicles of Narnia : (Record no. 15991)

MARC details
000 -LEADER
fixed length control field 02066nam a22003857a 4500
003 - CONTROL NUMBER IDENTIFIER
control field dpl
005 - DATE AND TIME OF LATEST TRANSACTION
control field 20080911114410.0
008 - FIXED-LENGTH DATA ELEMENTS--GENERAL INFORMATION
fixed length control field 080911t xxu||||| |||| 00| 0 eng d
010 ## - LIBRARY OF CONGRESS CONTROL NUMBER
LC control number DVD-000750-752
024 ## - OTHER STANDARD IDENTIFIER
Source of number or code A3287
Terms of availability 399.00
035 ## - SYSTEM CONTROL NUMBER
System control number DVD-000750-752
040 ## - CATALOGING SOURCE
Original cataloging agency DPL
Transcribing agency DPL
082 ## - DEWEY DECIMAL CLASSIFICATION NUMBER
Classification number DVD / NARN
245 ## - TITLE STATEMENT
Title The Chronicles of Narnia :
Statement of responsibility, etc Walt Disney Pictures and Walden Media Presents
Medium [videorecording] (DVD) /
Remainder of title The Lion, The Witch and The Wardrobe
260 ## - PUBLICATION, DISTRIBUTION, ETC. (IMPRINT)
Name of publisher, distributor, etc Walt Disney Pictures and Walden Media Presents
300 ## - PHYSICAL DESCRIPTION
Extent 1 videodiscs (140 min.):
Other physical details sd., col.;
Dimensions 4 3/4 in.
Type of unit DVD
440 ## - SERIES STATEMENT/ADDED ENTRY--TITLE
Title Walt Disney Home Entertainment
500 ## - GENERAL NOTE
General note Sole Distributor in India M/s Excel Productions Audio Visuals Pvt. Ltd.
500 ## - GENERAL NOTE
General note Bonus Features: The Bloopers of Narnia, Discover Narnia fun Facts Audio Commentaries
500 ## - GENERAL NOTE
General note DVD is copy protectaed
538 ## - SYSTEM DETAILS NOTE
System details note Dolby Digital 5.1-English, Thai and Hindi, Korean Subtitles- English, thai, Bahasha, Korean, Chinese and Malay
538 ## - SYSTEM DETAILS NOTE
System details note Aspect Ratio:2.35.1, Presentation Type: Wide Screen, Presentation Size 16x9, Formation: DVD 9- Dual Layer Single sided Disc,
650 ## - SUBJECT ADDED ENTRY--TOPICAL TERM
Source of heading or term Motion Picture
700 ## - ADDED ENTRY--PERSONAL NAME
Personal name Lewis, C.S.
700 ## - ADDED ENTRY--PERSONAL NAME
Personal name Johnson, Mark
700 ## - ADDED ENTRY--PERSONAL NAME
Personal name Adamson, Andrew
700 ## - ADDED ENTRY--PERSONAL NAME
Personal name Gregson-Williams, Harry
700 ## - ADDED ENTRY--PERSONAL NAME
Personal name Mussenden, Isis
700 ## - ADDED ENTRY--PERSONAL NAME
Personal name Jones, Simevan
942 ## - ADDED ENTRY ELEMENTS (KOHA)
Source of classification or shelving scheme Dewey Decimal Classification
Koha item type CD-ROMs, DVDs, VHS
Classification part DVD
Call number suffix CHRO
Holdings
Withdrawn status Lost status Source of classification or shelving scheme Damaged status Not for loan Home library Current library Date acquired Source of acquisition Cost, normal purchase price Total Checkouts Full call number Barcode Date last seen Date checked out Copy number Cost, replacement price Price effective from Koha item type Total Renewals
    Dewey Decimal Classification     Central Library Central Library 29/09/2008 Purchase 399.00 64 DVD CHRO DVD-000750 14/12/2015 30/11/2015 1 399.00 29/09/2008 CD-ROMs, DVDs, VHS  
    Dewey Decimal Classification     Patel Nagar Patel Nagar 29/09/2008 Purchase 399.00 38 DVD CHRO DVD-000752 17/08/2015 03/08/2015 1 399.00 29/09/2008 CD-ROMs, DVDs, VHS  
    Dewey Decimal Classification     Sarojini Nagar Sarojini Nagar 29/09/2008 Purchase 399.00 44 DVD CHRO DVD-000751 09/01/2015 18/12/2014 1 399.00 29/09/2008 CD-ROMs, DVDs, VHS 1

© Delhi Public Library
Hit Counter
free hit counter